000 00303nam a22001337a 4500
008 170616b xxu||||| |||| 00| 0 eng d
020 _a9780135916377
041 _aeng
080 _a327
100 _a20
101 _aSHP
245 _aCOPING INTERNATIONAL CONFLICT
_cSCHNEIDER.F
942 _2udc
_cBK
999 _c17865
_d17865